00445nam a2200157 a 450000100100000000500170001000800410002702000180006804000250008610000290011124500470014026000340018730000280022149000190024983000190026800004440820201002045343.0140627s2007 sp a 000 0 spa d a9788497773959 aDO-SdBNPbspacBNPHU1 aArtigas García, José10aCómo combatir la artrosis /cJ. Artigas. aBarcelona :bObelisco,c2007. a170 p. :bil. ;c22 cm.1 aObelisco salud 0aObelisco salud